How to get a date worth keeping

Bibliographic Details
Main Author: Cloud, Henry
Format: Book
Published: Michigan : Zondervan , 2005
Subjects:

MARC

LEADER 00000cam a2200000 7i4500
001 0000012131
005 20100622.0
008 071204
020 |a 0310262658 
090 0 0 |a 241.6765   |b CLO 
100 1 |a Cloud, Henry 
245 1 0 |a How to get a date worth keeping   |c Henry Cloud 
260 |a Michigan :   |b Zondervan ,   |c 2005 
650 0 |a Dating (Social custom)   |x Religious aspectc   |x Chirstianity 
650 0 |a Man-woman relationships   |x Religious aspects   |x Christianity 
650 0 |a Single people   |x Religious life 
650 0 |a Single peoplxConduct of life 
999 |a 0001003824   |b Book   |c Adult Collection   |e Perbadanan Perpustakaan Awam Johor 
999 |a 0001070153   |b Book   |c Adult Collection   |e Perbadanan Perpustakaan Awam Johor